प्रजातंत्र के मूलभूत सिद्धांतो की स,संबधित सरकारों द्वारा अनदेखी के कारण तानाशाही का विश्व मे उदय हुआ/ (Record no. 207472)

MARC details
000 -LEADER
fixed length control field 00988nam a22002057a 4500
005 - DATE AND TIME OF LATEST TRANSACTION
control field 20241206144755.0
010 ## - LCCN (DPL NO)
LC control number HIN-128903
020 ## - INTERNATIONAL STANDARD BOOK NUMBER
Terms of availability 400.00
035 ## - SYSTEM CONTROL NUMBER
System control number HN-101249
037 ## - SOURCE OF ACQUISITION
Source of stock number/acquisition DBAD
082 ## - DEWEY DECIMAL CLASSIFICATION NUMBER
Classification number 320.2
100 ## - MAIN ENTRY--PERSONAL NAME
Personal name रामफल सिंह
245 ## - TITLE STATEMENT
Title प्रजातंत्र के मूलभूत सिद्धांतो की स,संबधित सरकारों द्वारा अनदेखी के कारण तानाशाही का विश्व मे उदय हुआ/
Statement of responsibility, etc रामफल सिंह
250 ## - EDITION STATEMENT
Edition statement प्रथम
260 ## - PUBLICATION, DISTRIBUTION, ETC. (IMPRINT)
Place of publication, distribution, etc दिल्ली
Name of publisher, distributor, etc सजग प्रकाशन
Date of publication, distribution, etc 2023
270 ## - ADDRESS
Address बी- 26 पटपडगंज इंडस्ट्रियल एरिया
City दिल्ली
Postal code 110092
Telephone number 01143035012
-- 42720372
300 ## - PHYSICAL DESCRIPTION
Extent 180पृ.
Dimensions 22सेंमी.(सजिल्द)
700 ## - ADDED ENTRY--PERSONAL NAME
9 (RLIN) 74778
942 ## - ADDED ENTRY ELEMENTS (KOHA)
Source of classification or shelving scheme Dewey Decimal Classification
Item type Hindi Books
Classification part 320.2
Call number suffix रामफ
Holdings
Withdrawn status Lost status Not for loan Collection code Home library Current library Date acquired Source of acquisition Cost, normal purchase price Full call number Barcode Copy number Cost, replacement price Koha item type
      Non-fiction Sarojini Nagar Sarojini Nagar 06/12/2024 DBAD 400.00 320.2 रामफ HN-101249 1 400.00 Hindi Books

© Delhi Public Library
Hit Counter
free hit counter